| Registos Bibliográficos associados ao registo de autoridade |
|
Etiqueta de registo: 00230nam 2200025 450 001 1803514 003 http://id.bnportugal.gov.pt/bib/catbnp/1803514 100 ## $a20120214d1984 k y0pory01030103ba 101 0# $aeng 102 ## $aPT 105 ## $aa z 100yy 106 ## $ar 200 1# $aLife assessment of dynamically loaded materials and structures$eproceedings$f5th European Conference on Fracture$ged. L. Faria$g[org.] Sociedade Portuguesa de Materiais 210 #9 $aLisbon$cLNETI,$d1984 215 ## $a2 v.$cil.$d22 cm 320 ## $aContém bibliografia 327 0# $a1º v.: VIII, 1-537, [2] p.$a2º v.: VIII, 541-1052, [1] p. 702 #1 $aFaria,$bLuciano,$f1921-$4340$326225 710 02 $aEuropean Conference on Fracture,$d5,$eLisbon,$f1984$31498908 712 02 $aSociedade Portuguesa de Materiais$4557$3227198 801 #0 $aPT$bBN$gRPC 966 ## $b001$d1º v.$lBN$mFGMON$sP.L. 658-1 $x6 966 ## $b001$d2º v.$lBN$mFGMON$sP.L. 658-2 $x6 997 ## $aBIBEOD
Etiqueta de registo: 01035nas 2200337 450 001 119612 003 http://id.bnportugal.gov.pt/bib/catbnp/119612 011 ## $a0870-8312$bed. impressa) 011 ## $a2183-0398$bed. eletrónica) 021 ## $aPT$b27091/89 021 ## $aPT$b103503/96 100 ## $a19981121a19899999k y0pory01030103ba 101 0# $apor$aeng 102 ## $aPT$aES 106 ## $ar 110 ## $aahazz 0uu0 200 1# $aCiência e tecnologia dos materiais$erevista da Sociedade Portuguesa de Materiais$fdir. Antera Valeriana de Seabra 207 #0 $aA. 1, nº 1 (jan./mar. 1989)- 210 #9 $aPorto$cSociedade Portuguesa de Materiais,$d1989- 215 ## $d24 cm 304 ## $aA partir de 2025 o diretor é Jorge Lino 305 ## $aDe 2021-2024 publicada exclusivamente em suporte eletrónico 306 ## $aDe 2012 a 2018 passou a ser publicada também em língua inglesa em: Barcelona : Elsevier
Doyma 326 ## $aPeriodicidade irregular$b2019- 326 ## $aTrimestral 510 1# $aScience and technology of materials$zeng 517 1# $aCiência & tecnologia dos materiais 606 ## $aEngenharia e tecnologia em geral$2BN-P$3288784 620 ## $dPorto 620 ## $dBarcelona 675 ## $a620(05)$vBN$zpor$3337970 702 #1 $aSeabra,$bAntera Valeriana de$4300$3110600 702 #1 $92$aLino,$bJorge$4300$31868114 712 02 $aSociedade Portuguesa de Materiais$4650$3227198 712 02 $aElsevier Doyma$4650$31445708 801 #0 $aPT$bBN$gRPC 856 40 $uhttps://www.spmateriais.pt/publicacoes/revista$zA publicação passou a estar também disponível em linha a partir do v. 31, nº 1 (2019).
De 2021-2024 publicada exclusivamente em suporte eletrónico 966 ## $lBN$mFGREV$sP.P. 19142 V. 971 ## $cssilva$d20260428
Etiqueta de registo: 00988cam 2200301 450 001 703842 003 http://id.bnportugal.gov.pt/bib/catbnp/703842 005 19990107000000.0 010 ## $a972-95921-0-1 095 ## $aPTBN00917543 100 ## $a19970821g19939999k y0pory0103 ba 101 0# $apor$aeng 102 ## $aPT 105 ## $aa z 101yy 106 ## $ar 200 1# $aMateriais 93$emateriais e reciclagem$dMaterials 93$f6º Encontro da Sociedade Portuguesa de Materiais$g[ed.] Luís Filipe Malheiros$zeng 205 ## $a1ª ed 210 #9 $aLisboa$cS.P.M.,$d1993 [D.L. 1997]- 215 ## $av.$cil.$d30 cm 320 ## $aContém bibliografia 327 0# $a1º v. : Actas. - XVII, 562, [6] p. 510 1# $aMaterials 93$zeng 675 ## $a620$vBN$zpor$3288085 675 ## $a061.3$vBN$zpor$3292562 702 #1 $aMalheiros,$bLuís Filipe$4340$3161225 710 12 $aEncontro da Sociedade Portuguesa de Materiais,$d6,$ePorto,$f1993$31108110 712 02 $aSociedade Portuguesa de Materiais$4070$3227198 801 #0 $aPT$bBN$gRPC 966 ## $lBN$mFGMON$sC.G. 16504 V.$x1 997 ## $aBIBEOD
Etiqueta de registo: 01167cam 2200313 450 001 1012994 003 http://id.bnportugal.gov.pt/bib/catbnp/1012994 005 20000626111300.0 010 ## $a972-98193-0-0 021 ## $aPT$b137734/99 100 ## $a20000211d1999 k y0pory0103 ba 101 0# $apor$aeng 102 ## $aPT 105 ## $aa z 101yy 106 ## $ar 200 1# $aMateriais 99$eproceedings$emateriais tradicionais, materiais do futuro$f9º Encontro da Sociedade Portuguesa de Materiais 205 ## $a1ª ed 210 #9 $aGuimarães$cUniversity of Minho,$d1999 215 ## $a3 v.$cil.$d30 cm 320 ## $aContém referências bibliográficas 675 ## $a620.19$vBN$zpor$3295672 675 ## $a061.3$vBN$zpor$3292562 710 12 $aEncontro da Sociedade Portuguesa de Materiais,$d9,$eGuimarães,$f1999$31115820 712 02 $aSociedade Portuguesa de Materiais$4557$3227198 966 ## $b001$d1º v.$lBN$mFGMON$sS.A. 91908 V.$x1 966 ## $b001$d1º v.$lBN$mFGMON$sS.A. 91908 V.$x1 966 ## $b001$d2º v.$lBN$mFGMON$sS.A. 91909 V.$x1 966 ## $b001$d2º v.$lBN$mFGMON$sS.A. 91909 V.$x1 966 ## $b001$d3º v.$lBN$mFGMON$sS.A. 91910 V.$x1 966 ## $b001$d3º v.$lBN$mFGMON$sS.A. 91910 V.$x1
Etiqueta de registo: 00000nam 2200025 450 001 1868067 003 http://id.bnportugal.gov.pt/bib/catbnp/1868067 010 ## $a978-989-8601-31-5 021 ## $aPT$b363442/13 100 ## $a20140225d2013 k y0pory01030103ba 101 0# $aeng 102 ## $aPT 105 ## $aa z 101yy 106 ## $ar 200 1# $aEurocorr 2013 for a blue sky$e the annual event of the European Federation of Corrosion$ebook of abstracts$fEuropean Corrosion Congress$gorg. Sociedade Portuguesa de Materiais, European Federation of Corrosion, DECHEMA
210 #9 $a[S.l.]$cSociedade Portuguesa de Materiais,$dD.L. 2013$e[Vila Franca de Xira] :$gSoartes) 215 ## $a823 p.$cil.$d24 cm 320 ## $aContém bibliografia 675 ## $a620.19(048)$vBN$zpor$31568622 675 ## $a061.3$vBN$zpor$3292562 710 12 $aEuropean Corrosion Congress,$eEstoril,$f2013$31568228 712 02 $aSociedade Portuguesa de Materiais$4557$3227198 712 02 $aEuropean Federation of Corrosion$4557$31568231 712 02 $aDECHEMA - Society for Chemical Engineering and Biotechnology$4557$31568234 801 #0 $aPT$bBN$gRPC 856 41 $uhttp://rnod.bnportugal.gov.pt/ImagesBN/winlibimg.aspx?skey=&doc=1868067&img=40613&save=true 900 ## $aBIBNAC$d20140423 966 ## $lBN$mFGMON$sS.A. 153371 V.$x1 966 ## $lBN$mFGMON$sS.A. 153371 V.-D$x1
Etiqueta de registo: 00000nam 2200025 450 001 1914144 003 http://id.bnportugal.gov.pt/bib/catbnp/1914144 021 ## $aPT$b393255/15 100 ## $a20151104d2015 m y0pory01030103ba 101 0# $aeng 102 ## $aPT 105 ## $aa z 101yy 106 ## $ar 200 1# $aEMCR 2015$eprogramme and book of abstracts$f11th International Symposium on Electrochemical Methods in Corrosion Research$gorg. Sociedade Portuguesa de Materiais 210 #9 $a[Lisboa]$cSociedade Portuguesa de Materiais,$d2015 215 ## $aXXIII, 147 p.$cil.$d24 cm 532 12 $aElectrochemical Methods in Corrosion Research 2015 675 ## $a620.193(048)$vBN$zpor$31625847 675 ## $a061.3$vBN$zpor$3292562 710 12 $aInternational Symposium on Electrochemical Methods in Corrosion Research,$d11,$eTróia,$f2015$31625583 712 02 $aSociedade Portuguesa de Materiais$4557$3227198 801 #0 $aPT$bBN$gRPC 856 41 $uhttp://rnod.bnportugal.gov.pt/ImagesBN/winlibimg.aspx?skey=&doc=1914144&img=67961&save=true 900 ## $aBIBNAC$d20151112 966 ## $lBN$mFGMON$sS.A. 159718 V.$x1 966 ## $lBN$mFGMON$sS.A. 159718 V.-D$x1
Etiqueta de registo: 01167nam 2200313 450 001 2213901 003 http://id.bnportugal.gov.pt/bib/catbnp/2213901 100 ## $a20250509d1997 k y0pory01030103ba 101 0# $apor$aeng 102 ## $aPT 105 ## $aa z 101yy 106 ## $ar 200 1# $aMateriais 97$dMaterials 97$eproceedings$fanais do 8º Encontro da Sociedade Portuguesa de Materiais, proceedings of the 8th
National Meeting of the Portuguese Materials Society$ged. L. Guerra Rosa$zeng 210 #9 $a[S.l.$cs.n.],$d1997 215 ## $a2 v.$cil.$d24 cm 510 1# $aMaterials 97$zeng 702 #1 $aRosa,$bLuís Manuel Guerra da Silva$4340$3887425 710 12 $aEncontro da Sociedade Portuguesa de Materiais,$d8,$eMarinha Grande,$f1997$31954328 712 02 $aSociedade Portuguesa de Materiais$4557$3227198 801 #0 $aPT$bBN$gRPC 966 ## $b001$dV. 1$lBN$mFGMON 966 ## $b001$dV. 2$lBN$mFGMON$x3 971 ## $ciquintas$d20250509
Etiqueta de registo: 00000nkm 2200025 450 001 2276918 003 http://id.bnportugal.gov.pt/bib/catbnp/2276918 100 ## $a20260306d1987 m y0pory01030103ba 101 0# $apor 102 ## $aPT 200 1# $aMateriais 87 - 3º. Encontro Nacional da SPM, Braga, 21 a 23 abril de 1987$bVisual gráfico]$fSociedade Portuguesa de Materiais 210 #9 $aLisboa$cSociedade Portuguesa de Materiais,$d1987 215 ## $a1 cartaz$ccolor.$d50x32 cm 317 ## $aColeção Madeira Luís 710 02 $aEncontro Nacional da SPM,$d3,$eBraga,$f1987$31989465 712 02 $aSociedade Portuguesa de Materiais$3227198 801 #0 $aPT$bBN$gRPC 966 ## $lBN$mICONOG$sCT. 24165 A.$x3 971 ## $cCaticonografia10$d20260306 995 ## $aPRR2026
|
|
|